European Modern History Multiple Choice - Statistics

General Stats
  • This quiz has been taken 130 times
  • The average score is 7 of 10
Answer Stats
Question Answer % Correct
When did WW2 start? 1939
94%
The IRA was: an Irish paramilitary organisation
94%
When did the Soviet Union dissolve? 1991
88%
Who was the first Soviet leader? Vladimir Lenin
88%
Who was the dictator of Spain after the Civil War? (1936-1975) Fransisco Franco
71%
Where did the Nazi Trials happen in 1945? Nuremberg
71%
Which of the following countries was *NOT* in the Warsaw Pact Greece
65%
Which of the following countries was part of the Central Powers? Ottoman Empire
65%
Stalingrad (Volgograd) was adjacent to: Volga river
65%
When was the EU founded? 1951
24%
No matching quizzes found
Score Distribution
Percent of People with Each Score
Percentile by Number Answered
Your Score History
You have not taken this quiz